[Event "Southend op"]
[Site "Southend"]
[Date "2024.03.31"]
[Round "8"]
[White "Jackson, James P"]
[Black "Badacsonyi, Stanley Ethan Artie"]
[Result "1-0"]
[WhiteElo "2371"]
[BlackElo "2196"]
[PlyCount "53"]
[EventDate "2024.03.28"]
[EventType "swiss"]
[EventRounds "9"]
[EventCountry "ENG"]
[SourceTitle "CB14_2024"]
[SourceDate "2024.04.01"]
[SourceVersion "1"]
[SourceVersionDate "2024.04.01"]
[SourceQuality "1"]

1. e4 e6 2. d4 d5 3. Nc3 Nf6 4. e5 Nfd7 5. f4 c5 6. Nf3 Nc6 7. Be3 a6 8. a3 cxd4 9. Nxd4 Qc7 10. Qd2 b5 11. Qf2 Rb8 12. Bd3 Be7 13. 0-0 b4 14. axb4 Rxb4 15. Nce2 Nxd4 16. Nxd4 Nc5 17. f5 Rf8 18. fxe6 fxe6 19. Qg3 Nxd3 20. cxd3 Rxf1+ 21. Rxf1 Bc5 22. Qf2 Qa7 23. Kh1 Qb7 24. b3 a5 25. Nxe6 Bxe6 26. Bxc5 Bf7 27. e6 1-0

[Event "Southend op"]
[Site "Southend"]
[Date "2024.03.30"]
[Round "5"]
[White "Wong, Jianwen"]
[Black "Jackson, James P"]
[Result "1-0"]
[WhiteElo "2254"]
[BlackElo "2371"]
[PlyCount "113"]
[EventDate "2024.03.28"]
[EventType "swiss"]
[EventRounds "9"]
[EventCountry "ENG"]
[SourceTitle "CB14_2024"]
[SourceDate "2024.04.01"]
[SourceVersion "1"]
[SourceVersionDate "2024.04.01"]
[SourceQuality "1"]

1. g3 g6 2. Bg2 Bg7 3. c4 Nf6 4. Nc3 0-0 5. d3 d6 6. Rb1 h6 7. h3 e5 8. e4 Nc6 9. Nge2 Nd7 10. Nd5 Nc5 11. Be3 a5 12. 0-0 Nd4 13. Kh2 c6 14. Ndc3 f5 15. f4 Be6 16. b3 Bf7 17. Qd2 Kh7 18. Rbe1 Qd7 19. exf5 gxf5 20. Bg1 Nxe2 21. Nxe2 e4 22. dxe4 Nxe4 23. Bxe4 fxe4 24. Bd4 Rg8 25. f5 a4 26. Nc3 axb3 27. axb3 d5 28. Bxg7 Rxg7 29. Nxe4 Qd8 30. cxd5 cxd5 31. Nf2 h5 32. Nd3 Qf6 33. Ne5 Be8 34. Rf2 Ra3 35. Re3 Ra1 36. Qd4 Rc1 37. Qf4 d4 38. Ree2 Rc3 39. Nf3 Bd7 40. g4 hxg4 41. hxg4 Rxb3 42. Kg1 Qxf5 43. Rh2+ Kg8 44. Qb8+ Bc8 45. Re8+ Kf7 46. Qc7+ Bd7 47. Qc4+ Kxe8 48. Qxb3 Qxg4+ 49. Kf1 Rg8 50. Re2+ Kd8 51. Qxb7 d3 52. Qb8+ Bc8 53. Qb6+ Kd7 54. Ne5+ Ke7 55. Qc5+ Kd8 56. Nf7+ Kd7 57. Qd6# 1-0

[Event "Southend op"]
[Site "Southend"]
[Date "2024.03.29"]
[Round "3"]
[White "Gomez Aguirre, Juan Alberto"]
[Black "Jackson, James P"]
[Result "1/2-1/2"]
[WhiteElo "2196"]
[BlackElo "2371"]
[PlyCount "59"]
[EventDate "2024.03.28"]
[EventType "swiss"]
[EventRounds "9"]
[EventCountry "ENG"]
[SourceTitle "CB14_2024"]
[SourceDate "2024.04.01"]
[SourceVersion "1"]
[SourceVersionDate "2024.04.01"]
[SourceQuality "1"]

1. e4 e5 2. Nf3 Nc6 3. Nc3 Nf6 4. Bb5 Bc5 5. Nxe5 Nxe5 6. d4 Bd6 7. dxe5 Bxe5 8. 0-0 0-0 9. Bd3 d6 10. Bg5 h6 11. Bh4 g5 12. Bg3 c6 13. Kh1 Be6 14. f4 gxf4 15. Bxf4 Ng4 16. Qe1 Bxf4 17. Rxf4 Ne5 18. Ne2 Kh8 19. Nd4 Rg8 20. Nf3 Nxf3 21. Rxf3 Qg5 22. Qc3+ Qe5 23. Qxe5+ dxe5 24. b3 Rad8 25. Kg1 Rd4 26. Rf6 Kg7 27. Rf3 Rgd8 28. Rg3+ Kf8 29. Rf1 R8d6 30. Rf6 1/2-1/2

[Event "Newcastle Northumbria Masters GM"]
[Site "Newcastle on Tyne"]
[Date "2023.08.27"]
[Round "8"]
[White "Jackson, James P"]
[Black "Trost, Edvin"]
[Result "1/2-1/2"]
[WhiteElo "2390"]
[BlackElo "2442"]
[PlyCount "37"]
[EventDate "2023.08.24"]
[EventType "schev"]
[EventRounds "9"]
[EventCountry "ENG"]
[SourceTitle "EXT 2024"]
[Source "ChessBase"]
[SourceDate "2023.10.10"]
[SourceVersion "1"]
[SourceVersionDate "2023.10.10"]
[SourceQuality "1"]
[WhiteTeam "ENG IMs"]
[BlackTeam "ENG FMs"]
[WhiteTeamCountry "ENG"]
[BlackTeamCountry "ENG"]

1. d4 d5 2. c4 e6 3. Nc3 Nf6 4. Nf3 c5 5. cxd5 cxd4 6. Nxd4 Nxd5 7. Bd2 Bb4 8. Rc1 0-0 9. e3 Bxc3 10. Bxc3 Nxc3 11. Rxc3 Bd7 12. Be2 Qb6 13. Qd2 Nc6 14. Rb3 Qd8 15. Bf3 Nxd4 16. Qxd4 Qa5+ 17. Qb4 Qxb4+ 18. Rxb4 Rac8 19. Rd4 1/2-1/2

[Event "Newcastle Northumbria Masters GM"]
[Site "Newcastle on Tyne"]
[Date "2023.08.26"]
[Round "6"]
[White "Jackson, James P"]
[Black "Maksimenko, Andrei"]
[Result "1/2-1/2"]
[WhiteElo "2390"]
[BlackElo "2428"]
[PlyCount "27"]
[EventDate "2023.08.24"]
[EventType "schev"]
[EventRounds "9"]
[EventCountry "ENG"]
[SourceTitle "EXT 2024"]
[Source "ChessBase"]
[SourceDate "2023.10.10"]
[SourceVersion "1"]
[SourceVersionDate "2023.10.10"]
[SourceQuality "1"]
[WhiteTeam "ENG IMs"]
[BlackTeam "ENG GMs"]
[WhiteTeamCountry "ENG"]
[BlackTeamCountry "ENG"]

1. d4 d5 2. c4 dxc4 3. Nf3 Nf6 4. e3 e6 5. Bxc4 a6 6. 0-0 c5 7. dxc5 Bxc5 8. Qxd8+ Kxd8 9. b3 Nbd7 10. Bb2 Ke7 11. Nbd2 b6 12. Be2 Bb7 13. Ne1 b5 14. a4 1/2-1/2

[Event "Newcastle Northumbria Masters GM"]
[Site "Newcastle on Tyne"]
[Date "2023.08.25"]
[Round "3"]
[White "Kanyamarala, Tarun"]
[Black "Jackson, James P"]
[Result "0-1"]
[WhiteElo "2344"]
[BlackElo "2390"]
[PlyCount "86"]
[EventDate "2023.08.24"]
[EventType "schev"]
[EventRounds "9"]
[EventCountry "ENG"]
[SourceTitle "EXT 2024"]
[Source "ChessBase"]
[SourceDate "2023.10.10"]
[SourceVersion "1"]
[SourceVersionDate "2023.10.10"]
[SourceQuality "1"]
[WhiteTeam "ENG IMs"]
[BlackTeam "ENG IMs"]
[WhiteTeamCountry "ENG"]
[BlackTeamCountry "ENG"]

1. d4 Nf6 2. c4 g6 3. Nc3 Bg7 4. e4 d6 5. Be2 0-0 6. Bg5 h6 7. Be3 c5 8. d5 e6 9. dxe6 Bxe6 10. Qd2 Qa5 11. Bxh6 Bxh6 12. Qxh6 Nxe4 13. Rc1 Nxc3 14. Rxc3 Qxa2 15. Qc1 Qa5 16. h4 Kg7 17. h5 Rh8 18. Nf3 Rh6 19. Nh4 Nc6 20. hxg6 Rah8 21. gxf7 Kxf7 22. Qf4+ Ke8 23. g3 Nd4 24. Qd2 Kd7 25. Kf1 Rf6 26. Kg2 Qa6 27. f4 Qc6+ 28. Bf3 Nxf3 29. Nxf3 Rxh1 30. Kxh1 Bxc4 31. Kg1 Bd5 32. Nh2 Kc7 33. Re3 Re6 34. f5 Re4 35. Nf1 b6 36. Rxe4 Bxe4 37. Ne3 d5 38. Qh2 Qd6 39. Qh7+ Kc6 40. Qg8 Qe5 41. Qa8+ Kb5 42. Qg8 Qxb2 43. Qe8+ Kb4 0-1

[Event "GBR-ch 109th"]
[Site "Leicester"]
[Date "2023.07.26"]
[Round "5"]
[White "Jackson, James P"]
[Black "Hebden, Mark"]
[Result "0-1"]
[WhiteElo "2390"]
[BlackElo "2436"]
[PlyCount "142"]
[EventDate "2023.07.22"]
[EventType "swiss"]
[EventRounds "9"]
[EventCountry "ENG"]
[SourceTitle "CBM 215 Extra"]
[Source "ChessBase"]
[SourceDate "2023.09.30"]
[SourceVersion "1"]
[SourceVersionDate "2023.09.30"]
[SourceQuality "1"]

1. e4 e5 2. Nf3 Nc6 3. Bb5 a6 4. Ba4 Nf6 5. 0-0 Be7 6. Re1 b5 7. Bb3 0-0 8. a4 Bb7 9. d3 d6 10. h3 Na5 11. Ba2 c5 12. Nbd2 Nd7 13. Nf1 Nb6 14. axb5 axb5 15. Ng3 Bc8 16. Be3 Nc6 17. c3 Bd7 18. Bb3 Ra5 19. Rxa5 Nxa5 20. Bc2 Qc7 21. Bc1 Ra8 22. Nh2 Nc6 23. Qf3 Ra1 24. Rf1 Qd8 25. Nf5 Bxf5 26. Qxf5 d5 27. exd5 g6 28. Qf3 Qxd5 29. Qxd5 Nxd5 30. Bb3 Nb6 31. Be3 Rxf1+ 32. Nxf1 Na5 33. Bc2 Nd5 34. Bd2 b4 35. g3 Nb6 36. Bd1 f5 37. g4 Kf7 38. gxf5 gxf5 39. Ng3 Ke6 40. cxb4 cxb4 41. f4 Nd5 42. fxe5 Bc5+ 43. Kf1 Be3 44. Be1 Bd4 45. Bf3 Ne3+ 46. Ke2 Nc2 47. Bd2 Bxe5 48. Nxf5 Kxf5 49. Kd1 Nd4 50. Be4+ Kf6 51. Bxb4 Nac6 52. Bc5 h5 53. b4 Nd8 54. Bd5 N8e6 55. Bxe6 Nxe6 56. Be3 Nc7 57. Ke2 Nb5 58. Kf3 Kf5 59. Bc5 Bd4 60. Kg3 Bxc5 61. bxc5 Nd4 62. Kh4 Kg6 63. Kg3 Kg5 64. h4+ Kf5 65. Kg2 Ke5 66. Kf2 Nf5 67. c6 Kd6 68. d4 Kxc6 69. Kf3 Nxh4+ 70. Kf4 Ng6+ 71. Kg5 h4 0-1

[Event "GBR-ch 109th"]
[Site "Leicester"]
[Date "2023.07.22"]
[Round "1"]
[White "Jackson, James P"]
[Black "Payne, Matthew"]
[Result "1/2-1/2"]
[WhiteElo "2390"]
[BlackElo "2104"]
[PlyCount "72"]
[EventDate "2023.07.22"]
[EventType "swiss"]
[EventRounds "9"]
[EventCountry "ENG"]
[SourceTitle "CBM 215 Extra"]
[Source "ChessBase"]
[SourceDate "2023.09.30"]
[SourceVersion "1"]
[SourceVersionDate "2023.09.30"]
[SourceQuality "1"]

1. e4 e6 2. d4 d5 3. Nc3 Nf6 4. e5 Nfd7 5. f4 c5 6. Nf3 Nc6 7. Be3 cxd4 8. Nxd4 Qb6 9. Qd2 Qxb2 10. Rb1 Qa3 11. Bb5 Nxd4 12. Bxd4 a6 13. Bxd7+ Bxd7 14. Rb3 Qe7 15. Rxb7 Qh4+ 16. g3 Qd8 17. Bb6 Qc8 18. Rc7 Qd8 19. Qd4 Ba3 20. Kd2 Rc8 21. Rc6 Qe7 22. Rxc8+ Bxc8 23. Rb1 0-0 24. Rb3 f6 25. Rxa3 Qxa3 26. Bc5 fxe5 27. fxe5 Qa5 28. Bxf8 Kxf8 29. Ke3 Bd7 30. Kd2 Be8 31. Kc1 Bg6 32. Kb2 Qc7 33. a3 Kg8 34. h4 Qb8+ 35. Kc1 Qf8 36. Kb2 Qb8+ 1/2-1/2

[Event "ENG-ch Chessable"]
[Site "Kenilworth"]
[Date "2023.05.28"]
[Round "5"]
[White "Jackson, James P"]
[Black "Shearsby, Jude"]
[Result "1/2-1/2"]
[WhiteElo "2393"]
[BlackElo "2102"]
[PlyCount "38"]
[EventDate "2023.05.26"]
[EventType "swiss"]
[EventRounds "7"]
[EventCountry "ENG"]
[SourceTitle "CBM 214 Extra"]
[Source "ChessBase"]
[SourceDate "2023.07.31"]
[SourceVersion "1"]
[SourceVersionDate "2023.07.31"]
[SourceQuality "1"]

1. e4 c5 2. d4 cxd4 3. c3 Nf6 4. e5 Nd5 5. Nf3 e6 6. cxd4 d6 7. Bc4 Nb6 8. Bd3 Nc6 9. 0-0 Be7 10. Nc3 0-0 11. Qe2 dxe5 12. dxe5 Nb4 13. Bb1 Bd7 14. Rd1 N4d5 15. Ne4 Rc8 16. Qd3 g6 17. Bh6 Re8 18. Nfg5 Nc4 19. Qg3 Qc7 1/2-1/2

[Event "ENG-ch Chessable"]
[Site "Kenilworth"]
[Date "2023.05.28"]
[Round "6"]
[White "Seymour, Timothy P"]
[Black "Jackson, James P"]
[Result "0-1"]
[WhiteElo "2094"]
[BlackElo "2393"]
[PlyCount "102"]
[EventDate "2023.05.26"]
[EventType "swiss"]
[EventRounds "7"]
[EventCountry "ENG"]
[SourceTitle "CBM 214 Extra"]
[Source "ChessBase"]
[SourceDate "2023.07.31"]
[SourceVersion "1"]
[SourceVersionDate "2023.07.31"]
[SourceQuality "1"]

1. Nf3 Nf6 2. e3 g6 3. b3 Bg7 4. Bb2 0-0 5. d4 b6 6. Be2 Bb7 7. 0-0 c5 8. c4 d6 9. Qc2 e6 10. Nc3 a6 11. Rad1 Qc7 12. Rfe1 Nbd7 13. a4 Rfe8 14. h3 Rad8 15. d5 e5 16. Rf1 Rf8 17. g3 Kh8 18. Kg2 Ng8 19. e4 Rde8 20. h4 Ndf6 21. Ne1 Bc8 22. Nd3 Qd8 23. Rh1 h5 24. Rde1 Nh6 25. Bc1 Nh7 26. Rhf1 Qd7 27. Rh1 f5 28. f4 fxe4 29. Nxe4 Nf5 30. fxe5 Nd4 31. Qd1 dxe5 32. a5 Nf6 33. Ndf2 Nxe4 34. Nxe4 Qc7 35. Ba3 Bf5 36. Bd3 Bg4 37. axb6 Qxb6 38. Bxc5 Qc7 39. Qb1 Bf3+ 40. Kh2 Bxe4 41. Bxd4 Bxh1 42. Bxg6 exd4 43. Rxe8 Rxe8 44. Bxe8 Bf3 45. Qf5 Bg4 46. Qg5 Qe5 47. Qxe5 Bxe5 48. c5 d3 49. b4 d2 50. Ba4 d1Q 51. Bxd1 Bxd1 0-1

[Event "ENG-ch Chessable"]
[Site "Kenilworth"]
[Date "2023.05.27"]
[Round "4"]
[White "Hobson, Kenneth"]
[Black "Jackson, James P"]
[Result "1/2-1/2"]
[WhiteElo "2104"]
[BlackElo "2393"]
[PlyCount "140"]
[EventDate "2023.05.26"]
[EventType "swiss"]
[EventRounds "7"]
[EventCountry "ENG"]
[SourceTitle "CBM 214 Extra"]
[Source "ChessBase"]
[SourceDate "2023.07.31"]
[SourceVersion "1"]
[SourceVersionDate "2023.07.31"]
[SourceQuality "1"]

1. e4 e5 2. Nf3 Nc6 3. Nc3 Nf6 4. Bb5 Bb4 5. 0-0 0-0 6. Bxc6 dxc6 7. d3 Nd7 8. Ne2 Re8 9. Ng3 Bf8 10. Nd2 Nc5 11. Nc4 f6 12. Be3 Ne6 13. a4 c5 14. Qd2 Nd4 15. f4 exf4 16. Bxf4 Be6 17. b3 Qd7 18. Ne2 Nxe2+ 19. Qxe2 Rad8 20. Qf2 b6 21. Qg3 Rc8 22. Kh1 a5 23. h4 Kh8 24. e5 f5 25. Ne3 Re7 26. Rae1 Rf7 27. Nc4 Re8 28. Nd2 Bd5 29. Nf3 Rfe7 30. Qh3 Qc8 31. h5 Bxf3 32. Rxf3 Qe6 33. Bh2 g6 34. hxg6 Qxg6 35. Qxf5 Bg7 36. Qxg6 hxg6 37. e6 Bc3 38. Re4 Rxe6 39. Rxe6 Rxe6 40. Bxc7 Kg7 41. Kg1 Re2 42. Bxb6 Bd4+ 43. Kh2 Rxc2 44. Bxa5 Rb2 45. Bb6 Rxb3 46. a5 Ra3 47. Kg3 Ra4 48. Kf4 Kf6 49. Bd8+ Kg7 50. Kg5 Bc3 51. Bf6+ Bxf6+ 52. Rxf6 Rxa5 53. Rxg6+ Kf7 54. Rf6+ Kg7 55. Rf5 Ra3 56. Rf3 Rc3 57. Kf4 Rc2 58. g3 Kf6 59. Ke4+ Ke6 60. g4 Rg2 61. Kf4 Kf6 62. Rg3 Rf2+ 63. Ke3 Rc2 64. g5+ Kg6 65. Rg4 Rc1 66. Rc4 Re1+ 67. Kf4 Rf1+ 68. Ke5 Rf5+ 69. Kd6 Rf3 70. Rc3 c4 1/2-1/2

[Event "BCF-chT2 2223 (4NCL)"]
[Site "England"]
[Date "2023.05.01"]
[Round "11.51"]
[White "Jackson, James P"]
[Black "Taylor, Adam A"]
[Result "1-0"]
[WhiteElo "2393"]
[BlackElo "2259"]
[PlyCount "49"]
[EventDate "2022.10.22"]
[EventType "team-tourn"]
[EventRounds "11"]
[EventCountry "ENG"]
[SourceTitle "EXT 2024"]
[Source "ChessBase"]
[SourceDate "2023.10.10"]
[SourceVersion "1"]
[SourceVersionDate "2023.10.10"]
[SourceQuality "1"]
[WhiteTeam "The Rookies"]
[BlackTeam "North East England"]
[WhiteTeamCountry "ENG"]
[BlackTeamCountry "ENG"]

1. e4 c5 2. Nc3 d6 3. Nf3 e5 4. Bc4 Be7 5. d3 h6 6. Nd2 Nf6 7. Nf1 Nc6 8. a3 Bg4 9. f3 Be6 10. Ne3 Qd7 11. 0-0 Nd4 12. a4 0-0 13. Ncd5 Nh7 14. c3 Nc6 15. a5 Bd8 16. a6 Na5 17. Rxa5 Bxa5 18. axb7 Qxb7 19. f4 exf4 20. Nf5 Bxf5 21. exf5 Bd8 22. Qf3 Qd7 23. Bxf4 Nf6 24. Qh3 Rb8 25. Bxh6 1-0

[Event "BCF-chT2 2223 (4NCL)"]
[Site "England"]
[Date "2023.02.12"]
[Round "6.41"]
[White "Jackson, James P"]
[Black "Olson, Hamish"]
[Result "1/2-1/2"]
[WhiteElo "2393"]
[BlackElo "2304"]
[PlyCount "93"]
[EventDate "2022.10.22"]
[EventType "team-tourn"]
[EventRounds "11"]
[EventCountry "ENG"]
[SourceTitle "EXT 2024"]
[Source "ChessBase"]
[SourceDate "2023.10.10"]
[SourceVersion "1"]
[SourceVersionDate "2023.10.10"]
[SourceQuality "1"]
[WhiteTeam "The Rookies"]
[BlackTeam "Alba"]
[WhiteTeamCountry "ENG"]
[BlackTeamCountry "ENG"]

1. e4 e5 2. Nf3 Nc6 3. Bb5 Nf6 4. d3 Bc5 5. c3 0-0 6. 0-0 d5 7. exd5 Qxd5 8. Bc4 Qd8 9. b4 Be7 10. Nbd2 Bf5 11. Qc2 Qd6 12. Ng5 Rad8 13. Nde4 Nxe4 14. Nxe4 Qg6 15. Be3 Bxe4 16. dxe4 Bg5 17. Rfe1 Ne7 18. Rad1 Bxe3 19. Rxe3 Nc8 20. a4 Rxd1+ 21. Qxd1 Nd6 22. Bb3 Rd8 23. f3 Qf6 24. Rd3 b6 25. Bd5 g6 26. c4 Kg7 27. c5 bxc5 28. bxc5 Ne8 29. Bb3 Rxd3 30. Qxd3 Qe7 31. Qc3 c6 32. a5 Nf6 33. Ba4 Nd7 34. Bxc6 Qxc5+ 35. Qxc5 Nxc5 36. Bd5 f5 37. exf5 gxf5 38. g4 Kf6 39. h4 h6 40. Kf2 e4 41. gxf5 exf3 42. Bxf3 Kxf5 43. Ke3 Nb3 44. a6 Nc5 45. Be2 Nxa6 46. Bxa6 Kg4 47. Kd4 1/2-1/2

[Event "Hull 4NCL GM"]
[Site "Hull"]
[Date "2022.10.14"]
[Round "5"]
[White "Jackson, James P"]
[Black "Wadsworth, Matthew J"]
[Result "1/2-1/2"]
[WhiteElo "2408"]
[BlackElo "2467"]
[PlyCount "86"]
[EventDate "2022.10.12"]
[EventType "tourn"]
[EventRounds "9"]
[EventCountry "ENG"]
[EventCategory "8"]
[SourceTitle "CBM 210 Extra"]
[Source "ChessBase"]
[SourceDate "2022.11.30"]
[SourceVersion "1"]
[SourceVersionDate "2022.11.30"]
[SourceQuality "1"]

1. e4 e6 2. d4 d5 3. e5 c5 4. c3 Qb6 5. Nf3 Nc6 6. Bd3 cxd4 7. 0-0 Bd7 8. Re1 Nge7 9. h4 h6 10. h5 Rc8 11. a3 Nf5 12. b4 Be7 13. Bb2 a6 14. Nbd2 dxc3 15. Bxc3 Ncd4 16. Rc1 Nxf3+ 17. Nxf3 Nh4 18. Bd2 Rxc1 19. Bxc1 Nxf3+ 20. Qxf3 Qd4 21. Qe2 Bg5 22. Bb2 Qf4 23. Bc3 Qh4 24. g3 Qh3 25. Qf3 Bb5 26. Bxb5+ axb5 27. Qe2 0-0 28. Qxb5 Qg4 29. Qe2 Qxe2 30. Rxe2 Rc8 31. Bd4 Be7 32. f4 Rc4 33. Rd2 b5 34. Kf2 f6 35. Ke3 Kf7 36. Kd3 g6 37. exf6 Bxf6 38. Bxf6 Kxf6 39. hxg6 Kxg6 40. Re2 Kf6 41. Rh2 Kg6 42. Re2 Kf6 43. Rh2 Kg6 1/2-1/2

[Event "Titled Tuesday intern op 27th Sep Late"]
[Site "Chess.com INT"]
[Date "2022.09.27"]
[Round "1"]
[White "Kamsky, Gata"]
[Black "Jackson, James P"]
[Result "1-0"]
[WhiteElo "2666"]
[BlackElo "2408"]
[PlyCount "111"]
[EventDate "2022.09.27"]
[EventType "swiss (blitz)"]
[EventRounds "11"]
[EventCountry "USA"]
[SourceTitle "CBM 210 Extra"]
[Source "ChessBase"]
[SourceDate "2022.11.30"]
[SourceVersion "1"]
[SourceVersionDate "2022.11.30"]
[SourceQuality "1"]

1. d4 Nf6 2. Nf3 g6 3. c3 Bg7 4. Bf4 d6 5. h3 0-0 6. Nbd2 c5 7. dxc5 dxc5 8. e4 Nc6 9. Be2 b6 10. 0-0 Bb7 11. Re1 Qc8 12. a4 Rd8 13. Qc2 Nd7 14. Nc4 Ba6 15. Bf1 Nf8 16. Qb3 Ne6 17. Bg3 Bxc4 18. Qxc4 Na5 19. Qe2 c4 20. Nd2 Nc5 21. Nxc4 Nd3 22. Nxa5 Nxe1 23. Nb3 Nd3 24. e5 Nc5 25. Nd4 Ne6 26. Nf3 Qc5 27. Qe4 Rac8 28. Re1 Qd5 29. Qb4 Nc5 30. Nd4 e6 31. Bc4 Qb7 32. Nb5 Nd3 33. Bxd3 Rxd3 34. Nd6 Qa6 35. Nxc8 Qxc8 36. Qe4 Qd7 37. Bf4 h6 38. h4 Kh7 39. h5 Qd5 40. g4 Qxe4 41. Rxe4 gxh5 42. gxh5 Rd1+ 43. Kg2 Rb1 44. Rb4 Bf8 45. Rd4 Rxb2 46. Rd7 Kg8 47. Be3 a6 48. Ra7 b5 49. Rxa6 b4 50. cxb4 Bxb4 51. Kf3 Kg7 52. Rb6 Bc3 53. Rxb2 Bxb2 54. Ke4 Kf8 55. a5 Ke8 56. a6 1-0

[Event "GBR-ch 108th"]
[Site "Torquay"]
[Date "2022.08.18"]
[Round "6"]
[White "Jackson, James P"]
[Black "Eggleston, David"]
[Result "0-1"]
[WhiteElo "2406"]
[BlackElo "2331"]
[PlyCount "80"]
[EventDate "2022.08.13"]
[EventType "swiss"]
[EventRounds "9"]
[EventCountry "ENG"]
[SourceTitle "CBM 209 Extra"]
[Source "ChessBase"]
[SourceDate "2022.09.30"]
[SourceVersion "1"]
[SourceVersionDate "2022.09.30"]
[SourceQuality "1"]

1. e4 e6 2. d4 d5 3. e5 c5 4. c3 Nc6 5. Nf3 Qb6 6. Bd3 cxd4 7. 0-0 Bd7 8. Re1 Nge7 9. h4 a6 10. Nbd2 dxc3 11. bxc3 Qc7 12. Nb3 Nc8 13. a4 Nb6 14. Be3 Nc4 15. Bxc4 dxc4 16. Nbd2 Ne7 17. a5 Nd5 18. Bd4 Be7 19. Ne4 0-0-0 20. Nd6+ Bxd6 21. exd6 Qxd6 22. Ne5 Qe7 23. Nxc4 Bb5 24. Ne5 f6 25. Nf3 Bc6 26. Qc1 e5 27. Ba7 Qd7 28. Re4 Nf4 29. Rxf4 exf4 30. Qxf4 Qd6 31. Qg4+ Rd7 32. Nd4 h5 33. Qe2 Qe5 34. Qf1 Bd5 35. Bb6 Re8 36. c4 Bxg2 37. Qxg2 Rxd4 38. Bxd4 Qxd4 39. Qh3+ Kb8 40. Rb1 Re4 0-1

[Event "GBR-ch 108th"]
[Site "Torquay"]
[Date "2022.08.16"]
[Round "4"]
[White "Jackson, James P"]
[Black "Turner, Max N"]
[Result "1-0"]
[WhiteElo "2406"]
[BlackElo "2247"]
[PlyCount "115"]
[EventDate "2022.08.13"]
[EventType "swiss"]
[EventRounds "9"]
[EventCountry "ENG"]
[SourceTitle "CBM 209 Extra"]
[Source "ChessBase"]
[SourceDate "2022.09.30"]
[SourceVersion "1"]
[SourceVersionDate "2022.09.30"]
[SourceQuality "1"]

1. e4 e5 2. Nf3 Nc6 3. Bb5 a6 4. Ba4 Nf6 5. 0-0 Be7 6. Re1 b5 7. Bb3 d6 8. c3 0-0 9. h3 Na5 10. Bc2 c5 11. d4 Qc7 12. Nbd2 Be6 13. d5 Bd7 14. b3 Rfe8 15. Nf1 c4 16. Ng3 cxb3 17. axb3 Nb7 18. Bb2 a5 19. b4 Bf8 20. Bd3 Rec8 21. Nd2 g6 22. Qe2 Qb6 23. Ra2 h5 24. Rea1 h4 25. Ngf1 Nh5 26. Nb3 Nf4 27. Qf3 a4 28. Nbd2 f6 29. Nh2 Nd8 30. Bf1 Nf7 31. Qd1 Be7 32. Ra3 f5 33. exf5 gxf5 34. c4 bxc4 35. Nxc4 Qxb4 36. Bc3 Qc5 37. Bd2 Nxd5 38. Rc1 Qa7 39. Rd3 Nf6 40. Be3 Qa6 41. Nb6 Rxc1 42. Qxc1 Rd8 43. Rxd6 Qb7 44. Rd1 Bc6 45. Rxd8+ Bxd8 46. Nc4 Ne4 47. Nf3 f4 48. Bd2 Nxd2 49. Nfxd2 Qd7 50. Qc2 Qe6 51. Bd3 Be7 52. Be4 a3 53. Bxc6 Qxc6 54. Nxa3 Qe6 55. Nac4 Bc5 56. Ne4 Bd4 57. Ncd2 Nd6 58. Qc6 1-0

[Event "ENG-ch Chessable"]
[Site "Kenilworth"]
[Date "2022.05.22"]
[Round "7"]
[White "Jackson, James P"]
[Black "Boswell, Jacob Connor"]
[Result "1-0"]
[WhiteElo "2400"]
[BlackElo "2075"]
[PlyCount "69"]
[EventDate "2022.05.19"]
[EventType "swiss"]
[EventRounds "7"]
[EventCountry "ENG"]
[SourceTitle "CBM 208 Extra"]
[Source "ChessBase"]
[SourceDate "2022.07.31"]
[SourceVersion "1"]
[SourceVersionDate "2022.07.31"]
[SourceQuality "1"]

1. e4 c6 2. d4 d5 3. e5 Bf5 4. Nf3 e6 5. Be2 Nd7 6. 0-0 a6 7. a4 h6 8. Na3 b5 9. c3 Ne7 10. Nc2 Bxc2 11. Qxc2 Nb6 12. b3 Nf5 13. Bd3 g6 14. g3 Be7 15. g4 Nh4 16. Nxh4 Bxh4 17. a5 Nc8 18. f4 Rg8 19. Kh1 Ne7 20. Ba3 Qd7 21. Rf3 0-0-0 22. Rh3 g5 23. Rf1 Rdf8 24. f5 Re8 25. f6 Ng6 26. Bxg6 Rxg6 27. Qxg6 fxg6 28. f7 b4 29. Bxb4 c5 30. Bxc5 Kb7 31. Rhf3 Rc8 32. f8Q Rxf8 33. Rxf8 Qb5 34. R1f7+ Kc6 35. Rc8# 1-0

[Event "ENG-ch Chessable"]
[Site "Kenilworth"]
[Date "2022.05.20"]
[Round "3"]
[White "Jackson, James P"]
[Black "Haydon, David Leslie"]
[Result "1-0"]
[WhiteElo "2400"]
[BlackElo "2275"]
[PlyCount "85"]
[EventDate "2022.05.19"]
[EventType "swiss"]
[EventRounds "7"]
[EventCountry "ENG"]
[SourceTitle "CBM 208 Extra"]
[Source "ChessBase"]
[SourceDate "2022.07.31"]
[SourceVersion "1"]
[SourceVersionDate "2022.07.31"]
[SourceQuality "1"]

1. e4 c6 2. d4 d5 3. e5 Bf5 4. Nf3 e6 5. Be2 Nd7 6. 0-0 h6 7. a4 g5 8. Ne1 c5 9. c3 Ne7 10. Bd3 Rc8 11. Be3 Rg8 12. a5 a6 13. b4 c4 14. Be2 g4 15. Na3 f6 16. exf6 Nxf6 17. f3 gxf3 18. Nxf3 Ng6 19. Ne5 Nxe5 20. dxe5 Ne4 21. Bh5+ Ke7 22. Nc2 Qc7 23. Rxf5 exf5 24. Qxd5 Rg7 25. Nd4 Qd7 26. Nxf5+ Qxf5 27. Qxb7+ Qd7 28. Qxe4 Qc6 29. Bc5+ Kd7 30. Bg4+ Ke8 31. Bh5+ Kd7 32. Rd1+ Kc7 33. Bb6+ Kb8 34. Qe2 Be7 35. Bf3 Qg6 36. Qe3 Rf8 37. Bc7+ Kc8 38. Bd6 Bxd6 39. Rxd6 Qg5 40. Rc6+ Kb8 41. Rb6+ Ka7 42. Rb7+ Ka8 43. Qa7# 1-0

[Event "ENG-ch Chessable"]
[Site "Kenilworth"]
[Date "2022.05.20"]
[Round "4"]
[White "Wadsworth, Matthew J"]
[Black "Jackson, James P"]
[Result "0-1"]
[WhiteElo "2432"]
[BlackElo "2400"]
[PlyCount "106"]
[EventDate "2022.05.19"]
[EventType "swiss"]
[EventRounds "7"]
[EventCountry "ENG"]
[SourceTitle "CBM 208 Extra"]
[Source "ChessBase"]
[SourceDate "2022.07.31"]
[SourceVersion "1"]
[SourceVersionDate "2022.07.31"]
[SourceQuality "1"]

1. g3 Nf6 2. Bg2 d5 3. c4 e6 4. Nf3 d4 5. 0-0 c5 6. e3 Nc6 7. d3 Bd6 8. exd4 cxd4 9. Bg5 h6 10. Bxf6 Qxf6 11. Nbd2 Qe7 12. Rc1 0-0 13. Re1 Rd8 14. a3 a5 15. Ne4 Bc7 16. c5 Bd7 17. Nfd2 Ne5 18. Qe2 Bc6 19. Nd6 Bxg2 20. Kxg2 Ng6 21. Nxb7 Bxg3 22. hxg3 Qxb7+ 23. Nf3 Rac8 24. Rc4 Rd5 25. b4 axb4 26. axb4 Ne5 27. Qxe5 Rxe5 28. Rxe5 g5 29. Rxd4 f5 30. g4 h5 31. gxf5 g4 32. Rde4 gxf3+ 33. Kxf3 exf5 34. Rxf5 Rf8 35. Rxf8+ Kxf8 36. Ke3 Qd5 37. Ke2 Kf7 38. Ke3 Kf6 39. Ke2 Kg5 40. Rc4 Qc6 41. b5 Qxb5 42. c6 Qe5+ 43. Kf3 Qc7 44. Rc5+ Kg6 45. d4 Qf7+ 46. Kg2 Qc7 47. Kf3 h4 48. Kg4 Qd8 49. d5 Qg5+ 50. Kf3 h3 51. c7 h2 52. c8Q h1Q+ 53. Ke2 Qe4+ 0-1